Zakon Respubliki Belarusʹ O predprii͡atii͡akh v Respublike Belarusʹ ; Zakon Respubliki Belarusʹ O predprinimatelʹstve v Respublike Belarusʹ ; Zakon Respubliki Belarusʹ Ob akt͡sionernykh obshchestvakh, obshchestvakh s ogranichennoĭ otvetstvennostʹi͡u i obshchestvakh s dopolnitelʹnoĭ otvetstvennostʹi͡u.
Saved in:
| Corporate Author: | |
|---|---|
| Format: | Book |
| Language: | Russian |
| Published: |
Minsk :
Informat͡sionno-pravovoe agentstvo "Registr",
1993.
|
| Subjects: | |
| Tags: |
Add Tag
No Tags, Be the first to tag this record!
|
| LEADER | 01660nam a2200289 a 4500 | ||
|---|---|---|---|
| 001 | 005802412-3 | ||
| 005 | 20121010144937.0 | ||
| 008 | 941117s1993 bw l 000 0 rusod | ||
| 035 | 0 | |a ocn812574531 | |
| 040 | |a MH-L |c MH-L | ||
| 043 | |a e-bw--- | ||
| 050 | 4 | |a KLF107.5 |b .A28 1993x | |
| 110 | 1 | |a Belarus. | |
| 245 | 1 | 0 | |a Zakon Respubliki Belarusʹ O predprii͡atii͡akh v Respublike Belarusʹ ; |b Zakon Respubliki Belarusʹ O predprinimatelʹstve v Respublike Belarusʹ ; Zakon Respubliki Belarusʹ Ob akt͡sionernykh obshchestvakh, obshchestvakh s ogranichennoĭ otvetstvennostʹi͡u i obshchestvakh s dopolnitelʹnoĭ otvetstvennostʹi͡u. |
| 260 | |a Minsk : |b Informat͡sionno-pravovoe agentstvo "Registr", |c 1993. | ||
| 300 | |a 67 p. ; |c 20 cm. | ||
| 500 | |a At head of title: Bi͡ulletenʹ normativno-pravovoĭ informat͡sii. Prilozhenie. | ||
| 650 | 0 | |a Business enterprises |x Law and legislation |z Belarus. | |
| 650 | 0 | |a Corporation law |z Belarus. | |
| 655 | 7 | |a Statutes and codes. |2 lcgft | |
| 710 | 1 | 2 | |a Belarus. |t Zakon Belorusskoĭ SSR O predprinimatelʹstve v Belorusskoĭ SSRʹ. |
| 710 | 1 | 2 | |a Belarus. |t Zakon Respubliki Belarusʹ Ob akt͡sionernykh obshchestvakh, obshchestvakh s ogranichennoĭ otvetstvennostʹi͡u i obshchestvakh s dopolnitelʹnoĭ otvetstvennostʹi͡u. |
| 730 | 0 | |a Bi͡ulletenʹ normativno-pravovoĭ informat͡sii. |p Supplement. | |
| 740 | 0 | 2 | |a Zakon Respubliki Belarusʹ O predprinimatelʹstve v Respublike Belarusʹ. |
| 740 | 0 | 2 | |a Zakon Respubliki Belarusʹ Ob akt͡sionernykh obshchestvakh, obshchestvakh s ogranichennoĭ otvetstvennostʹi͡u i obshchestvakh s dopolnitelʹnoĭ otvetstvennostʹi͡u. |
| 988 | |a 20020608 | ||
| 906 | |0 MH | ||


